000 00431nam a2200133Ia 4500
008 221007s9999 xx 000 0 und d
041 _aeng
082 _bBAD
100 _aBadhe Anita S - 2k141098; Prof.Vikas Deshpande - Guide & [Company Name] - Sharekhan LTD.
_9103733
245 _aStudy of an Equity Research at Sharekhan LTD.
260 _cSep-15
_bSavitribai Phule Pune University
_aPune
300 _a71p
906 _bGeneral
999 _c75056
_d75056